Statistics for Smallest Cities In England

Click here to take the quiz!

General Stats

  • This quiz has been taken 29 times
  • The average score is 5 of 10

Answer Stats

Answer% Correct
Truro
75%
Wells
58%
Ely
58%
Ripon
50%
Chichester
46%
Salisbury
46%
Hereford
42%
City Of London
33%
Lichfield
33%
Chester
29%

Score Distribution

Percentile by Number Answered

Percent of People with Each Score

Your Score History

You have not taken this quiz